The Russian Journey of Karel Havlíček Borovský (Record no. 66841)

MARC details
000 -LEADER
fixed length control field 01139nam a2200253Ii 4500
003 - CONTROL NUMBER IDENTIFIER
control field URS
005 - DATE AND TIME OF LATEST TRANSACTION
control field 20230602101526.0
008 - FIXED-LENGTH DATA ELEMENTS--GENERAL INFORMATION
fixed length control field 221202s xx 000 0 und d
040 ## - CATALOGING SOURCE
Transcribing agency URS
100 1# - MAIN ENTRY--PERSONAL NAME
Personal name Heim, Michael Henry,
Relator term author
245 #4 - TITLE STATEMENT
Title The Russian Journey of Karel Havlíček Borovský
264 #1 - PRODUCTION, PUBLICATION, DISTRIBUTION, MANUFACTURE, AND COPYRIGHT NOTICE
Place of production, publication, distribution, manufacture Bern
Name of producer, publisher, distributor, manufacturer Peter Lang International Academic Publishers
Date of production, publication, distribution, manufacture, or copyright notice 1979
300 ## - PHYSICAL DESCRIPTION
Extent 1 online resource (194 pages)
336 ## - CONTENT TYPE
Content type term text
Content type code txt
Source rdacontent
337 ## - MEDIA TYPE
Media type term computer
Media type code c
Source rdamedia
338 ## - CARRIER TYPE
Carrier type term online resource
Carrier type code cr
Source rdacarrier
490 ## - SERIES STATEMENT
Series statement Slavistische Beitraege
Volume/sequential designation 128
520 ## - SUMMARY, ETC.
Summary, etc. Little is known of Karel Havlíček Borovský (1821-56) outside Czechoslovakia, but his fellow Czechs revere him. He is one of their nineteenth-century culture heroes - satirist of great finesse and a shrewd but always humane journalist and politician. The Russian journey proved to be the turning point in Havlíček's life.
653 ## - INDEX TERM--UNCONTROLLED
Uncontrolled term Heim
653 ## - INDEX TERM--UNCONTROLLED
Uncontrolled term Journey
653 ## - INDEX TERM--UNCONTROLLED
Uncontrolled term Karel
856 ## - ELECTRONIC LOCATION AND ACCESS
Uniform Resource Identifier <a href="https://library.oapen.org/bitstream/20.500.12657/26554/1/1003519.pdfhttp://library.oapen.org/handle/20.500.12657/26554">https://library.oapen.org/bitstream/20.500.12657/26554/1/1003519.pdfhttp://library.oapen.org/handle/20.500.12657/26554</a>
942 ## - ADDED ENTRY ELEMENTS (KOHA)
Koha item type E-Book
Source of classification or shelving scheme Library of Congress Classification
Holdings
Withdrawn status Damaged status Not for loan Home library Current library Date acquired Total Checkouts Date last seen Price effective from Koha item type
      Directory of Open Access Books Directory of Open Access Books 11/28/2022   11/28/2022 11/28/2022 E-Book

University of Rizal System
Email us at univlibservices@urs.edu.ph

Visit our Website www.urs.edu.ph/library